Risk mitigation and crop insurance in India: A performance analysis (Record no. 91659)

000 -LEADER
fixed length control field 00441pab a2200169 454500
008 - FIXED-LENGTH DATA ELEMENTS--GENERAL INFORMATION
fixed length control field 180718b2011 xxu||||| |||| 00| 0 eng d
100 ## - MAIN ENTRY--PERSONAL NAME
Personal name Nair, Reshmy
245 ## - TITLE STATEMENT
Title Risk mitigation and crop insurance in India: A performance analysis
260 ## - PUBLICATION, DISTRIBUTION, ETC.
Date of publication, distribution, etc. 2011
300 ## - PHYSICAL DESCRIPTION
Extent p.67-86.
362 ## - DATES OF PUBLICATION AND/OR SEQUENTIAL DESIGNATION
Dates of publication and/or sequential designation Jan-Jun
650 ## - SUBJECT ADDED ENTRY--TOPICAL TERM
Topical term or geographic name entry element Crops - India
650 ## - SUBJECT ADDED ENTRY--TOPICAL TERM
Topical term or geographic name entry element Crops
773 ## - HOST ITEM ENTRY
Main entry heading Journal of Social and Economic Development
908 ## - PUT COMMAND PARAMETER (RLIN)
Put command parameter N
909 ## -
-- 91659
Holdings
Withdrawn status Lost status Damaged status Not for loan Permanent Location Current Location Date acquired Serial Enumeration / chronology Barcode Date last seen Price effective from Koha item type
        Indian Institute of Public Administration Indian Institute of Public Administration 2018-07-19 Volume no: 13, Issue no: 1 AR92119 2018-07-19 2018-07-19 Articles

Powered by Koha